000 00862nab a2200265 u 4500
001 21109
003 HDC
007 cr bn ---aaaaa
008 210306c mydr|nes 0 a eng d
040 _aHDC
100 _aAfiq Mohd. Shah
_eauthor
_97751
245 0 _aMILE tarikan terbaharu Mihas 2017 /
_cby Afiq Mohd. Shah
260 _aMalaysia :
_bUTUSAN MALAYSIA,
_c2017
300 _a2 pages
336 _atext
_2rdacontent
337 _acomputer
_2rdamedia
338 _aonline resource
_2rdacarrier
650 _asmall and medium enterprise
_98448
650 _atrade sector
_916766
710 _aUTUSAN MALAYSIA
856 _zRequest full-text at [email protected]
942 _2lcc
942 _cNEWS
942 _kNWSC 010249
999 _c18425
_d18425